000 00486nam a22001697a 4500
005 20251108175616.0
008 250721s2017 xx 000 0 ara d
082 1 4 _aق/مصط
100 1 _aمصطفى، احمد خالد
245 1 0 _aأرض السافلين /
264 _bعصير الكتب للنشر والتوزيع،
_c2017.
300 _a392ص.
650 1 7 _aالادب العربي
650 1 7 _aالروايات العربية
942 _2ddc
_cBK
999 _c138154
_d138154